<?xml version="1.0" encoding="UTF-8"?><?xml-stylesheet type="text/xsl" href="static/style.xsl"?><OAI-PMH xmlns="http://www.openarchives.org/OAI/2.0/" xmlns:xsi="http://www.w3.org/2001/XMLSchema-instance" xsi:schemaLocation="http://www.openarchives.org/OAI/2.0/ http://www.openarchives.org/OAI/2.0/OAI-PMH.xsd"><responseDate>2026-04-14T06:16:27Z</responseDate><request verb="GetRecord" identifier="oai:www.recercat.cat:10230/35486" metadataPrefix="marc">https://recercat.cat/oai/request</request><GetRecord><record><header><identifier>oai:recercat.cat:10230/35486</identifier><datestamp>2025-12-13T20:52:38Z</datestamp><setSpec>com_2072_6</setSpec><setSpec>col_2072_452954</setSpec></header><metadata><record xmlns="http://www.loc.gov/MARC21/slim" xmlns:dcterms="http://purl.org/dc/terms/" xmlns:xsi="http://www.w3.org/2001/XMLSchema-instance" xmlns:doc="http://www.lyncode.com/xoai" xsi:schemaLocation="http://www.loc.gov/MARC21/slim http://www.loc.gov/standards/marcxml/schema/MARC21slim.xsd">
   <leader>00925njm 22002777a 4500</leader>
   <datafield ind2=" " ind1=" " tag="042">
      <subfield code="a">dc</subfield>
   </datafield>
   <datafield ind2=" " ind1=" " tag="720">
      <subfield code="a">Bachs Pérez, Meritxell</subfield>
      <subfield code="e">author</subfield>
   </datafield>
   <datafield ind2=" " ind1=" " tag="260">
      <subfield code="c">2018-09-21T12:22:19Z</subfield>
   </datafield>
   <datafield ind2=" " ind1=" " tag="260">
      <subfield code="c">2018-09-21T12:22:19Z</subfield>
   </datafield>
   <datafield ind2=" " ind1=" " tag="260">
      <subfield code="c">2018-09-21</subfield>
   </datafield>
   <datafield ind2=" " ind1=" " tag="520">
      <subfield code="a">Treball de fi de grau en informàtica</subfield>
   </datafield>
   <datafield ind2=" " ind1=" " tag="520">
      <subfield code="a">Tutor: Anders Jonsson</subfield>
   </datafield>
   <datafield ind2=" " ind1=" " tag="520">
      <subfield code="a">La grafología es la pseudociencia que estudia la psicología de las personas a través del&#xd;
análisis de su escritura. La intención de este proyecto es, entonces, crear un&#xd;
automatismo que ayude a realizar un análisis como el realizado por un grafólogo y así&#xd;
obtener unos resultados parecidos a los que obtendría un experto.&#xd;
Para ello, en este proyecto se aplicarán algoritmos de Machine Learning que, a partir de&#xd;
una base de datos de imágenes de textos, clasificarán características de la escritura para&#xd;
así conseguir una hipotética o aproximada descripción de la personalidad del usuario.</subfield>
   </datafield>
   <datafield ind2=" " ind1=" " tag="520">
      <subfield code="a">La grafologia es la pseudociència que estudia la psicologia de les persones a través del&#xd;
anàlisi de la seva escriptura. La intenció d’aquest projecte es, llavors, crear un&#xd;
automatisme que ajudi a realitzar un anàlisi com el realitzar per un grafòleg i així&#xd;
obtenir uns resultats semblants als que obtindria un expert.&#xd;
Per això, en aquest projecte s’aplicaran algoritmes de Machine Learning que, a partir&#xd;
d’una base de dades d’imatges de textos, classificaran característiques de l’escriptura&#xd;
per així aconseguir una hipotètica o aproximada descripció de la personalitat de l’usuari.</subfield>
   </datafield>
   <datafield ind2=" " ind1=" " tag="520">
      <subfield code="a">Graphology is the pseudoscience that studies the psychology of people through the&#xd;
analysis of their writing. The intention of this project is, then, to create an automatism&#xd;
that helps to carry out an analysis such as that carried out by a graphologist and thus&#xd;
obtain similar results to those obtained by an expert.&#xd;
To this end, Machine Learning algorithms will be applied in this project, which, based&#xd;
on a database of text images, will classify writing characteristics in order to obtain a&#xd;
hypothetical or approximate description of the user&amp;apos;s personality.</subfield>
   </datafield>
   <datafield tag="653" ind2=" " ind1=" ">
      <subfield code="a">Aprenentatge automàtic</subfield>
   </datafield>
   <datafield tag="653" ind2=" " ind1=" ">
      <subfield code="a">Grafologia</subfield>
   </datafield>
   <datafield ind2="0" ind1="0" tag="245">
      <subfield code="a">Estudio grafológico de escrituras utilizando algoritmos de machine learning</subfield>
   </datafield>
</record></metadata></record></GetRecord></OAI-PMH>